Marketing Planning & Strategy

Enregistré dans:
Détails bibliographiques
Auteur principal: Jain, Subhash C.
Format: Livre
Langue:anglais
Publié: Cincinnati South-Western Publ. Co. 1981
Édition:1. ed.
Sujets:
Tags: Ajouter un tag
Pas de tags, Soyez le premier à ajouter un tag!

MARC

LEADER 00000nam a2200000 4500
001 c013270
005 20221207074811.0
020 |a 0-538-19120-1 
041 0 |a eng 
044 |a US 
245 1 0 |a Marketing Planning & Strategy  |c Subhash C. Jain 
250 |a 1. ed. 
264 1 |a Cincinnati  |b South-Western Publ. Co.  |c 1981 
300 |a 652 s. 
610 2 0 |a plánovanie 
610 2 0 |a plánovanie strategické 
610 2 0 |a stratégia marketingová 
610 2 0 |a marketing 
610 2 0 |a marketing strategický 
100 1 |a Jain, Subhash C.